| 000 | 01667nam0a2200361 4500 | ||
|---|---|---|---|
| 001 | RU\NLR\bibl\1162965 | ||
| 005 | 20250615083343.0 | ||
| 010 |
_a978-5-17-046255-1 _bАСт |
||
| 010 |
_a978-5-271-17884-9 _910000 _bАстрель |
||
| 021 |
_aRU _b2007-73208 _93940 |
||
| 035 | _a(NLR Aleph) 001149698 | ||
| 090 |
_a1469755 _c1469755 |
||
| 100 | _a20071204d2007 |||y0rusy50 ca | ||
| 101 | 0 | _arus | |
| 102 | _aRU | ||
| 105 | _ay ||||||||| | ||
| 200 | 1 |
_aСборник контрольных диктантов и изложений по русскому языку _e1-4 классы _fО. В. Узорова, Е. А. Нефедова |
|
| 210 |
_aМосква _cАст _cАстрель _d2007 |
||
| 215 |
_a286, [1] с. _d20 |
||
| 225 | 1 | _aДля начальной школы | |
| 606 | 1 |
_aРусский язык _jРуководства, пособия и т.п _xДиктанты _xМетодика _xНачальная школа _91533232 _3RU\NLR\auth\66969170 |
|
| 606 | 1 |
_aШкольные изложения _jРуководства, пособия и т.п _xОбучение _xНачальная школа _9950223 _3RU\NLR\auth\66353139 |
|
| 686 | _aЧ426.131(2)53-254.11,01я7 | ||
| 686 | _aЧ426.131(2)53-254.13,01я7 | ||
| 700 | 1 |
_4070 _7ca _8rus _aУзорова _bО. В. _f1970- _gОльга Васильевна _9270342 _3RU\NLR\AUTH\770270398 |
|
| 701 | 1 |
_4070 _aНефёдова _bЕ. А. _cд-р филол. наук _gЕлена Алексеевна _9153176 _3RU\NLR\AUTH\770153214 |
|
| 801 | 0 |
_aRU _bNLR _c20071204 _gRCR |
|
| 801 | 1 |
_aRU _bNLR _c20071204 |
|
| 830 | _aпо кн | ||
| 942 | _cBOOK | ||
| 980 | _aNB | ||